01949nam a2200409 a 4500001001200000003000800012006001900020007001500039008004100054010001700095020003800112020004100150020001800191020002700209040002100236035002000257043002100277050002900298082002200327100002800349245015300377260004300530300002200573440002200595504006600617505020600683533015200889650004701041650004701088650005401135650005401189650006201243650006201305655002901367710001701396856012601413ebr10173530CaPaEBRm u cr cn|||||||||060823s2007 maua sb 001 0 eng d z 2006027956 z0262162423 (hardcover alk. paper) z9780262162425 (hardcover alk. paper) z9780262517478 z9780262281287 (e-book) aCaPaEBRcCaPaEBR a(OCoLC)86073959 an-us---ae-uk---14aRC268.44.B73bP37 2007eb04a362.196/042072221 aParthasarathy, Shobita.10aBuilding genetic medicineh[electronic resource] :bbreast cancer, technology, and the comparative politics of health care /cShobita Parthasarathy. aCambridge, Mass. :bMIT Press,cc2007. ax, 271 p. :bill. 0aInside technology aIncludes bibliographical references (p. [251]-262) and index.0 aToolkits for genetic testing -- Comparative architectures of genetic testing -- Eliminating the competition and ensuring success -- Defining a good health outcome -- Myriad, Britain, and culture clash. aElectronic reproduction.bPalo Alto, Calif. :cebrary,d2013.nAvailable via World Wide Web.nAccess may be limited to ebrary affiliated libraries. 0aBRCA genesxDiagnostic usezUnited States. 0aBRCA genesxDiagnostic usezGreat Britain. 0aGenetic screeningxSocial aspectszUnited States. 0aGenetic screeningxSocial aspectszGreat Britain. 0aBreastxCancerxDiagnosisxSocial aspectszUnited States. 0aBreastxCancerxDiagnosisxSocial aspectszGreat Britain. 7aElectronic books.2local2 aebrary, Inc.40uhttp://site.ebrary.com/lib/rucke/Doc?id=10173530zAn electronic book accessible through the World Wide Web; click to view